| 000 | 00425 a2200121 4500 | ||
|---|---|---|---|
| 005 | 20250701081924.0 | ||
| 020 | _a0-7923-3242-3 | ||
| 100 | _aKLIMONTOVICH, Y. L. | ||
| 245 | _aStatistical Theory of Open Systems Volume 1: A Unified Approach to Kinetic Description of Processes in Active Systems, | ||
| 260 |
_aLONDON, _bKLUWER ACADEMIC PUBLISHERS, _c1995. |
||
| 300 |
_axv, 569p,: ill.; figure _bReference _c24cm |
||
| 942 |
_2ddc _cBKS |
||
| 999 |
_c6491 _d6491 |
||